000
00349nam a2200133Ia 4500
005
20251013221656.0
008
251010s9999 xx 000 0 und d
041
_a
mar
100
_a
पेंडसे ग.सी
_9
214523
245
_a
कामपुरुषार्थ
250
_a
1ST
260
_b
Kulkarni Granthagar
_c
1959
300
_a
324
999
_c
368814
_d
368814